00311nam a2200121Ia 4500008004100000082001900041100001300060245003300073260004100106300000800147650001700155650001700172140316s9999 xx 000 0 und d a015.53bLEL/AY aLele,R D aAyurveda and modern medicine aBombaybBharatiya Vidya Bhavanc1986 a539 apharmacology atherapeutics